LEADER 02049nam0 22004453i 450 001 VAN00216024 005 20250124102426.277 017 70$2N$a9783030211974 100 $a20210923d2019 |0itac50 ba 101 $aeng 102 $aCH 105 $a|||| ||||| 200 1 $aGravitational Theories Beyond General Relativity$eDoctoral Thesis accepted by the University of Sussex, Brighton, UK$fIberê Kuntz 210 $aCham$cSpringer$d2019 215 $axii, 82 p.$cill.$d24 cm 410 1$1001VAN00104193$12001 $aSpringer theses$erecognizing outstanding Ph.D. research$1210 $aBerlin$cSpringer$d2010- 500 1$3VAN00216030$aGravitational Theories Beyond General Relativity$91870741 606 $a81-XX$xQuantum theory [MSC 2020]$3VANC019967$2MF 606 $a81V05$xStrong interaction, including quantum chromodynamics [MSC 2020]$3VANC034061$2MF 606 $a81V15$xWeak interaction in quantum theory [MSC 2020]$3VANC036101$2MF 610 $aDark Matter$9KW:K 610 $aDark matter modified gravity equivalence$9KW:K 610 $aEffective quantum gravity$9KW:K 610 $aHiggs inflation$9KW:K 610 $aHigher Derivative Gravity$9KW:K 610 $aModified Gravity$9KW:K 610 $aNon-local Gravity$9KW:K 610 $aQuantum Field Theory$9KW:K 610 $aStarobinsky Inflation$9KW:K 620 $aCH$dCham$3VANL001889 700 1$aKuntz$bIberê$3VANV184605$0837276 712 $aSpringer $3VANV108073$4650 801 $aIT$bSOL$c20250606$gRICA 856 4 $uhttp://doi.org/10.1007/978-3-030-21197-4$zE-book ? Accesso al full-text attraverso riconoscimento IP di Ateneo, proxy e/o Shibboleth 899 $aBIBLIOTECA DEL DIPARTIMENTO DI MATEMATICA E FISICA$1IT-CE0120$2VAN08 912 $fN 912 $aVAN00216024 950 $aBIBLIOTECA DEL DIPARTIMENTO DI MATEMATICA E FISICA$d08DLOAD e-book 3915 $e08eMF3915 20210923 996 $aGravitational Theories Beyond General Relativity$91870741 997 $aUNICAMPANIA LEADER 02316nam2 22004573i 450 001 VAN00254388 005 20240806101439.979 017 70$2N$a9783662404096 100 $a20230209d1963 |0itac50 ba 101 $aeng 102 $aDE 105 $a|||| ||||| 200 1 $aˆ1: ‰Structure of topological groups, integration theory, group representations$fby Edwin Hewitt and Kenneth A. Ross 210 $aBerlin$cSpringer$d1963 215 $aviii, 519 p.$d24 cm 410 1$1001VAN00024107$12001 $aGrundlehren der mathematischen Wissenschaften$eA series of comprehensive texts in mathematics$1210 $aBerlin [etc.]$cSpringer$d1921- 461 1$1001VAN00254387$12001 $aAbstract harmonic analysis$fEdwin Hewitt, Kenneth A. Ross$1210 $aBerlin$cSpringer$1215 $a2 volumi$d24 cm$v1 606 $a20-XX$xGroup theory and generalizations [MSC 2020]$3VANC019715$2MF 606 $a22-XX$xTopological groups, Lie groups [MSC 2020]$3VANC020459$2MF 606 $a28-XX$xMeasure and integration [MSC 2020]$3VANC019878$2MF 606 $a42-XX$xHarmonic analysis on Euclidean spaces [MSC 2020]$3VANC019851$2MF 606 $a43-XX$xAbstract harmonic analysis [MSC 2020]$3VANC021258$2MF 610 $aAbstract harmonic analysis$9KW:K 610 $aHarmonic analysis$9KW:K 610 $aIntegrations$9KW:K 610 $aTopological groups$9KW:K 620 $dBerlin$3VANL000066 700 1$aHewitt$bEdwin$3VANV024771$041191 701 1$aRoss$bKenneth A.$3VANV041252$041192 712 $aSpringer $3VANV108073$4650 790 1$aRoss, Kenneth Alan$zRoss, Kenneth A.$3VANV260640 790 1$aRoss, K. A.$zRoss, Kenneth A.$3VANV260641 790 1$aRoss, K.A.$zRoss, Kenneth A.$3VANV260642 801 $aIT$bSOL$c20260403$gRICA 856 4 $uhttps://doi.org/10.1007/978-3-662-40409-6$zE-book ? Accesso al full-text attraverso riconoscimento IP di Ateneo, proxy e/o Shibboleth 899 $aBIBLIOTECA DEL DIPARTIMENTO DI MATEMATICA E FISICA$1IT-CE0120$2VAN08 912 $fN 912 $aVAN00254388 950 $aBIBLIOTECA DEL DIPARTIMENTO DI MATEMATICA E FISICA$d08DLOAD e-book 5290 $e08eMF5290 20230221 996 $aStructure of topological groups, integration theory, group representations$91437422 997 $aUNICAMPANIA